000 00737nam a2200265 a 4500
001 000112662
003 CHAP
005 20220329144316.0
008 160831s2005 mx | |r| |||0|||spa d
010 _a109123
011 _a110095
020 _a9680202046
040 _cCHAP
090 _aFolleto 2559
100 0 0 _aHernández Delgado, Jaime
_953947
245 1 0 _aTeoría de la acción política /
_cpor Jaime Hernández Delgado.
260 _aChapingo, Méx. :
_bUACH. Departamento de Publicaciones,
_c2005.
300 _a51 p.
590 _aE11695DGD
_b10
_c20161014
_lUCH01
_h1740
590 _aE6096MTM
_b05
_c20160831
_lUCH01
_h1419
650 1 4 _aPolítica social.
_990696
901 _aBK
942 _cLIBRO
942 _n0
999 _c109123
_d109123